MIGHTY KNIGHT BAYU. (Record no. 200733)

MARC details
000 -LEADER
fixed length control field 01534nam a2200289 i 4500
003 - CONTROL NUMBER IDENTIFIER
control field PPAK
005 - DATE AND TIME OF LATEST TRANSACTION
control field 20250917123645.0
008 - FIXED-LENGTH DATA ELEMENTS--GENERAL INFORMATION
fixed length control field 250908s2024 my ao gr6 000 0 may
020 ## - INTERNATIONAL STANDARD BOOK NUMBER
International Standard Book Number 9789671903322
Terms of availability RM 14.00
Qualifying information paperback
040 ## - CATALOGING SOURCE
Original cataloging agency PPAK
Language of cataloging eng
Transcribing agency PPAK
Description conventions rda
082 ## - DEWEY DECIMAL CLASSIFICATION NUMBER
Edition number 23
Classification number 741.59595
090 00 - LOCALLY ASSIGNED LC-TYPE CALL NUMBER (OCLC); LOCAL CALL NUMBER (RLIN)
Classification number (OCLC) (R) ; Classification number, CALL (RLIN) (NR) 741.59595
Feature heading MUH
Feature heading G
100 0# - MAIN ENTRY--PERSONAL NAME
Personal name Muhammad Zaid Fakhri Mohd Zawawi,
Relator term author,
-- editor,
-- illustrator.
245 10 - TITLE STATEMENT
Title MIGHTY KNIGHT BAYU.
Number of part/section of a work 04 :
Remainder of title BADIA! /
Statement of responsibility, etc. PENULIS MUHAMMAD ZAID FAKHRI MOHD ZAWAWI, SHAFIQ MANSOR ; ARTIS GRAFIK SHAFIQ MANSOR, ARSYARI ADNAN
264 #1 - PRODUCTION, PUBLICATION, DISTRIBUTION, MANUFACTURE, AND COPYRIGHT NOTICE
Place of production, publication, distribution, manufacture Kuantan, Pahang :
Name of producer, publisher, distributor, manufacturer WIROES STUDIO ENTERPRISE,
Date of production, publication, distribution, manufacture, or copyright notice 2024
300 ## - PHYSICAL DESCRIPTION
Extent 1 volume :
Other physical details colour illustrations ;
Dimensions 21 cm
336 ## - CONTENT TYPE
Content type term text
Source rdacontent
337 ## - MEDIA TYPE
Media type term unmediated
Source rdamedia
338 ## - CARRIER TYPE
Carrier type term volume
Source rdacarrier
520 ## - SUMMARY, ETC.
Summary, etc. Sejurus tamat menyelesaikan tugasan menumpaskan Native Prime Berang, Mirul mendapat keizinan bercuti setelah permohonannya diluluskan. Beliau telah menghadiri acara jualan kad Emas Bobo Kembara Angkasa yang terkini. Di sana Mirul telah bertemu dengan seorang pemuda misteri bernama Wan. Keadaan menjadi huru - hara apabila Native Prime Kencang muncul dan Mirul tidak mempunyai MK Driver untuk menentang musuh tersebut. Mampukah Mirul menyelesaikan situasi ini?
650 10 - SUBJECT ADDED ENTRY--TOPICAL TERM
Topical term or geographic name entry element Comic books, strips, etc.
Geographic subdivision Malaysia
Topical term or geographic name entry element Comic books and teenagers
Topical term or geographic name entry element Superheroes
Geographic subdivision Malaysia
700 0# - ADDED ENTRY--PERSONAL NAME
Personal name Shafiq Mansor,
Relator term author,
-- illustrator.
Personal name Arsyari Adnan,
Relator term illustrator.
942 ## - ADDED ENTRY ELEMENTS (KOHA)
Source of classification or shelving scheme Dewey Decimal Classification
Koha item type Book
Holdings
Withdrawn Not for loan Current library Shelving location Date acquired Total Checkouts Full call number Barcode Date last seen Date last checked out Koha item type Checked out Total Renewals
    Perpustakaan Alor Setar Pinjaman Dewasa 17/09/2025 2 741.59595 MUH A01881978 07/03/2026 14/02/2026 Book    
    Perpustakaan Awam Sungai Petani Pinjaman Dewasa 17/09/2025 1 741.59595 MUH A01881979 18/04/2026 18/04/2026 Book 09/05/2026  
    Perpustakaan Baling Pinjaman Dewasa 17/09/2025 1 741.59595 MUH A01881983 08/03/2026 07/12/2025 Book   1
    Perpustakaan Bandar Baharu Pinjaman Dewasa 17/09/2025   741.59595 MUH A01881984 17/09/2025   Book    
    Perpustakaan Jitra Pinjaman Dewasa 17/09/2025   741.59595 MUH A01881980 17/09/2025   Book    
    Perpustakaan Kulim Pinjaman Dewasa 17/09/2025 2 741.59595 MUH A01881982 18/01/2026 28/12/2025 Book    
    Perpustakaan Langkawi Pinjaman Dewasa 17/09/2025   741.59595 MUH A01881981 17/09/2025   Book